00985nam a2200253 i 4500001000300000100003000003245016200033250002400195260002000219490003300239650002500272655003000297830002400327040000800351041000800359942000700367008004100374999001500415856009700430952005100527952005100578952005100629952005100680bg1 aMACIĄG-STERNIK, Henryka 0aPrzewodnik metodyczny z przykładami rozwiązań projektowych do technologii organizacji i ekonomiki robót instalacji sanitarnych /cH. Maciąg-Sternik. aWyd.2 popr. i uzup. aGliwice,c1986.1 aSkrypty Centralne ;vnr 1152 9aInstalacje sanitarne aPodręczniki akademickie aSkrypty Centralne ; cBPK apol cKS s pl f |000 0 pol  c2775d2775 uhttp://koha.tu.koszalin.pl/cgi-bin/koha/opac-detail.pl?biblionumber=2775yKatalog online BPK 00104070aBPKbBPKcwoP 35279p01994001yKS 00104070aBPKbBPKcwoP 35280p01994018yKS 00104070aBPKbBPKcwoP 35281p01994025yKS 00104070aBPKbBPKcwoP 35282p01159349yKS